000 00552nam a2200205 a 4500
001 26322
003 CO-ViMGA
008 141112s2004 ck r 000 u spa d
015 _ack - 2007 - xxxx
020 _a9789584408655
040 _aCO-ViMGA
_bspa
_cCO-ViMGA
090 _aA LARb
100 1 _aLara, Enrique
245 1 0 _aBzzzzzzz - - ! /
_cEnrique Lara
260 _aBogotá :
_bEditorial Gato Malo,
_c2007
300 _a[13] p. : il. ; 17x24 cm
650 1 4 _aLibros ilustrados para niños
_92001
917 _a1926 20070509
942 _2ddc
_cBK
999 _c9867
_d9867